[Event "WYCC Girls U18"]
[Site "Porto Carras"]
[Date "2015.10.28"]
[Round "4.12"]
[White "Ovezdurdiyeva, Jemal"]
[Black "Terbe, Julianna"]
[Result "1/2-1/2"]
[BlackElo "2181"]
[WhiteElo "1984"]
[LiveChessVersion "1.4.6"]

1. d4 {[%clk 1:30:58]} d5 {[%clk 1:30:54]} 2. c4 {[%clk 1:31:20]} c6
{[%clk 1:31:20]} 3. Nc3 {[%clk 1:31:40]} Nf6 {[%clk 1:31:44]} 4. Nf3
{[%clk 1:31:58]} dxc4 {[%clk 1:32:08]} 5. a4 {[%clk 1:32:01]} Bf5
{[%clk 1:32:31]} 6. e3 {[%clk 1:31:56]} e6 {[%clk 1:32:56]} 7. Bxc4
{[%clk 1:32:03]} Bb4 {[%clk 1:33:21]} 8. O-O {[%clk 1:30:17]} O-O
{[%clk 1:33:44]} 9. Bd3 {[%clk 1:25:20]} Bxd3 {[%clk 1:16:23]} 10. Qxd3
{[%clk 1:25:43]} Nbd7 {[%clk 1:16:19]} 11. Rd1 {[%clk 1:19:02]} Qa5
{[%clk 1:12:44]} 12. Bd2 {[%clk 1:12:56]} c5 {[%clk 1:09:10]} 13. Ne4
{[%clk 1:00:34]} Nxe4 {[%clk 0:49:38]} 14. Qxe4 {[%clk 1:00:44]} Bxd2
{[%clk 0:49:28]} 15. Nxd2 {[%clk 1:00:37]} cxd4 {[%clk 0:41:35]} 16. Qxd4
{[%clk 0:54:45]} Nf6 {[%clk 0:39:45]} 17. Nc4 {[%clk 0:49:38]} Qh5
{[%clk 0:38:52]} 18. Qe5 {[%clk 0:43:49]} Qe2 {[%clk 0:36:46]} 19. Qd4
{[%clk 0:37:23]} Rac8 {[%clk 0:35:12]} 20. b3 {[%clk 0:35:53]} Qc2
{[%clk 0:28:38]} 21. Qd3 {[%clk 0:32:43]} Qxd3 {[%clk 0:27:44]} 22. Rxd3
{[%clk 0:33:12]} Ne4 {[%clk 0:25:59]} 23. f3 {[%clk 0:27:21]} Nc5
{[%clk 0:26:00]} 24. Rc3 {[%clk 0:27:45]} b6 {[%clk 0:24:19]} 25. Rac1
{[%clk 0:26:09]} Na6 {[%clk 0:21:30]} 26. Ne5 {[%clk 0:20:17]} Rcd8
{[%clk 0:16:47]} 27. Nc6 {[%clk 0:18:48]} Rd7 {[%clk 0:17:13]} 28. b4
{[%clk 0:19:05]} f6 {[%clk 0:15:22]} 29. Rc4 {[%clk 0:16:54]} e5 {[%clk 0:13:39]}
30. Ra1 {[%clk 0:13:18]} Rc7 {[%clk 0:12:12]} 31. Rac1 {[%clk 0:09:45]} Rd7
{[%clk 0:10:14]} 32. R1c2 {[%clk 0:09:52]} Rff7 {[%clk 0:09:20]} 33. Kf2
{[%clk 0:09:53]} g6 {[%clk 0:08:32]} 34. Ke2 {[%clk 0:10:04]} Kg7
{[%clk 0:08:51]} 35. b5 {[%clk 0:08:45]} Nc5 {[%clk 0:09:01]} 36. a5
{[%clk 0:09:07]} Nb3 {[%clk 0:05:53]} 37. axb6 {[%clk 0:08:11]} axb6
{[%clk 0:06:17]} 38. Nb4 {[%clk 0:07:54]} Na5 {[%clk 0:04:39]} 39. R4c3
{[%clk 0:05:41]} Rd6 {[%clk 0:03:15]} 40. e4 {[%clk 0:35:17]} f5 {[%clk 0:32:14]}
41. Nc6 {[%clk 0:26:24]} fxe4 {[%clk 0:31:06]} 42. fxe4 {[%clk 0:26:27]} Rf4
{[%clk 0:29:59]} 43. Ke3 {[%clk 0:25:40]} Kf6 {[%clk 0:25:34]} 44. Nxa5
{[%clk 0:18:20]} bxa5 {[%clk 0:26:00]} 45. Rc4 {[%clk 0:16:37]} Ke6
{[%clk 0:22:57]} 46. Ra2 {[%clk 0:16:50]} Rf1 {[%clk 0:22:25]} 47. Rb2
{[%clk 0:14:42]} Rb6 {[%clk 0:22:06]} 48. Ra4 {[%clk 0:14:45]} Kd6
{[%clk 0:22:06]} 49. Rxa5 {[%clk 0:14:23]} Re1+ {[%clk 0:21:48]} 50. Kd3
{[%clk 0:13:39]} Rd1+ {[%clk 0:22:03]} 51. Ke2 {[%clk 0:13:08]} Rg1
{[%clk 0:21:42]} 52. Kf2 {[%clk 0:12:42]} Rc1 {[%clk 0:21:56]} 53. Ra8
{[%clk 0:12:59]} Rc5 {[%clk 0:20:42]} 54. Ra5 {[%clk 0:12:18]} Rc1
{[%clk 0:19:13]} 55. Ra7 {[%clk 0:11:41]} Rc5 {[%clk 0:17:33]} 56. Rxh7
{[%clk 0:08:33]} Ke6 {[%clk 0:17:51]} 57. Rh3 {[%clk 0:06:59]} Rcxb5
{[%clk 0:17:36]} 58. Rxb5 {[%clk 0:07:19]} Rxb5 {[%clk 0:18:05]} 59. Re3
{[%clk 0:07:43]} Rb2+ {[%clk 0:17:25]} 60. Kf3 {[%clk 0:08:04]} Kf6 61. h4 g5
{[%clk 0:13:58]} 62. h5 {[%clk 0:06:51]} g4+ {[%clk 0:13:22]} 63. Kxg4 Rxg2+ 64.
Kh3 {[%clk 0:07:29]} Rf2 {[%clk 0:10:43]} 65. Rg3 {[%clk 0:06:43]} Rf1
{[%clk 0:10:55]} 66. Rg6+ {[%clk 0:06:02]} Kf7 {[%clk 0:11:04]} 67. Kg3
{[%clk 0:05:27]} Rg1+ {[%clk 0:10:59]} 68. Kh4 {[%clk 0:05:52]} Rxg6
{[%clk 0:11:27]} 69. hxg6+ {[%clk 0:06:18]} Kxg6 {[%clk 0:11:52]} 70. Kg4
{[%clk 0:06:29]} Kf6 {[%clk 0:12:11]} 71. Kh5 Ke6 72. Kg5 {[%clk 0:06:53]} Kd6
{[%clk 0:12:33]} 73. Kf5 {[%clk 0:06:52]} Kd7 {[%clk 0:12:55]} 1/2-1/2

[Event "WYCC Girls U18"]
[Site "Porto Carras"]
[Date "2015.10.29"]
[Round "5.1"]
[White "Varshini, V"]
[Black "Harazinska, Ewa"]
[Result "1-0"]
[BlackElo "2087"]
[WhiteElo "2105"]
[LiveChessVersion "1.4.6"]

1. e4 {[%clk 1:30:57]} c5 {[%clk 1:30:57]} 2. Nc3 {[%clk 1:30:32]} a6
{[%clk 1:31:20]} 3. a4 {[%clk 1:30:05]} Nc6 {[%clk 1:31:41]} 4. Nge2
{[%clk 1:30:24]} g6 {[%clk 1:31:33]} 5. d4 {[%clk 1:30:44]} cxd4 {[%clk 1:30:52]}
6. Nxd4 {[%clk 1:31:00]} Bg7 {[%clk 1:31:12]} 7. Be3 {[%clk 1:31:13]} d6
{[%clk 1:25:54]} 8. Be2 {[%clk 1:22:50]} Nf6 {[%clk 1:24:37]} 9. O-O
{[%clk 1:22:04]} O-O {[%clk 1:24:48]} 10. Qd2 {[%clk 1:21:33]} Ng4
{[%clk 1:21:33]} 11. Bxg4 {[%clk 1:19:12]} Bxg4 {[%clk 1:21:08]} 12. f4
{[%clk 1:17:31]} Bd7 {[%clk 1:16:52]} 13. Nb3 {[%clk 1:12:35]} b6
{[%clk 0:59:13]} 14. Nd5 {[%clk 1:01:57]} Rb8 {[%clk 0:58:35]} 15. Qf2
{[%clk 0:57:28]} Bxb2 {[%clk 0:51:40]} 16. Rab1 {[%clk 0:55:57]} Bg7
{[%clk 0:51:46]} 17. Bxb6 {[%clk 0:54:16]} Qc8 {[%clk 0:46:26]} 18. a5
{[%clk 0:48:41]} e6 {[%clk 0:37:55]} 19. Ne3 {[%clk 0:47:39]} Ne7
{[%clk 0:35:48]} 20. Qh4 {[%clk 0:39:22]} f6 {[%clk 0:31:54]} 21. Rbd1
{[%clk 0:33:10]} Bc6 {[%clk 0:28:58]} 22. f5 {[%clk 0:28:01]} d5 {[%clk 0:23:39]}
23. Nd4 {[%clk 0:22:12]} e5 {[%clk 0:21:03]} 24. Nxc6 {[%clk 0:17:02]} Qxc6
{[%clk 0:21:09]} 25. exd5 {[%clk 0:17:25]} Qd7 {[%clk 0:21:31]} 26. c4
{[%clk 0:12:56]} gxf5 {[%clk 0:21:09]} 27. Qh3 {[%clk 0:11:57]} Qa4
{[%clk 0:18:33]} 28. d6 {[%clk 0:11:44]} Nc6 {[%clk 0:18:51]} 29. Nxf5
{[%clk 0:10:44]} Kh8 {[%clk 0:18:41]} 30. Ne7 {[%clk 0:08:43]} Rfe8
{[%clk 0:17:27]} 31. Ra1 {[%clk 0:08:02]} 1-0

[Event "WYCC Girls U18"]
[Site "Porto Carras"]
[Date "2015.10.29"]
[Round "5.2"]
[White "Uuriintuya, Uurtsaikh"]
[Black "Mahalakshmi, M"]
[Result "0-1"]
[BlackElo "2019"]
[WhiteElo "2237"]
[LiveChessVersion "1.4.6"]

1. e4 {[%clk 1:30:56]} e6 {[%clk 1:30:54]} 2. d4 {[%clk 1:31:19]} d5
{[%clk 1:31:20]} 3. Nd2 {[%clk 1:31:44]} Be7 {[%clk 1:31:44]} 4. Bd3
{[%clk 1:31:14]} c5 {[%clk 1:30:05]} 5. dxc5 {[%clk 1:27:17]} Nf6
{[%clk 1:30:21]} 6. Qe2 {[%clk 1:27:21]} O-O {[%clk 1:28:40]} 7. Ngf3
{[%clk 1:26:54]} a5 {[%clk 1:29:01]} 8. O-O {[%clk 1:21:28]} Na6 {[%clk 1:27:54]}
9. c4 {[%clk 1:16:08]} Nxc5 {[%clk 1:26:12]} 10. cxd5 {[%clk 1:14:20]} exd5
{[%clk 1:22:12]} 11. e5 {[%clk 1:11:11]} Nfd7 {[%clk 1:22:26]} 12. Bc2
{[%clk 1:09:52]} b6 {[%clk 1:14:58]} 13. Re1 {[%clk 1:01:14]} Ba6
{[%clk 1:12:51]} 14. Qe3 {[%clk 0:59:58]} Ne6 {[%clk 1:11:10]} 15. Nb3
{[%clk 0:50:35]} Re8 {[%clk 1:02:37]} 16. Nbd4 {[%clk 0:42:54]} Nxd4
{[%clk 0:54:32]} 17. Qxd4 {[%clk 0:38:01]} Nf8 {[%clk 0:52:24]} 18. Bb3
{[%clk 0:36:54]} Bb7 {[%clk 0:51:59]} 19. Be3 {[%clk 0:32:14]} Bc5 20. Qg4
{[%clk 0:32:22]} Ng6 {[%clk 0:45:17]} 21. Ba4 {[%clk 0:25:49]} Bc8
{[%clk 0:36:28]} 22. Qg3 {[%clk 0:25:36]} Bd7 {[%clk 0:36:27]} 23. Bb3
{[%clk 0:23:56]} Ne7 {[%clk 0:28:15]} 24. Bg5 {[%clk 0:22:43]} Qc7
{[%clk 0:20:41]} 25. Bxe7 {[%clk 0:17:42]} Rxe7 {[%clk 0:20:21]} 26. Bxd5
{[%clk 0:18:04]} Rae8 {[%clk 0:20:46]} 27. Ng5 {[%clk 0:15:33]} Bf5
{[%clk 0:18:14]} 28. Rad1 {[%clk 0:11:41]} h6 {[%clk 0:16:24]} 29. Nf3
{[%clk 0:11:23]} Bb4 {[%clk 0:14:37]} 30. Rc1 {[%clk 0:09:57]} Qb8
{[%clk 0:13:57]} 31. Red1 {[%clk 0:09:57]} Bc5 {[%clk 0:13:39]} 32. Qf4
{[%clk 0:09:32]} Bg6 {[%clk 0:13:47]} 33. Rc3 {[%clk 0:09:27]} Bh5
{[%clk 0:11:35]} 34. g4 {[%clk 0:08:43]} Bg6 {[%clk 0:11:30]} 35. a3
{[%clk 0:08:40]} Rd7 {[%clk 0:10:06]} 36. Qc4 {[%clk 0:07:36]} Kh8
{[%clk 0:09:07]} 37. b4 {[%clk 0:07:18]} axb4 {[%clk 0:09:08]} 38. axb4
{[%clk 0:07:47]} Bf8 {[%clk 0:09:32]} 39. Ra1 {[%clk 0:08:04]} Bxb4
{[%clk 0:07:36]} 40. Rcc1 {[%clk 0:33:48]} Ba5 {[%clk 0:35:38]} 41. Bc6
{[%clk 0:26:00]} Rc7 {[%clk 0:33:51]} 42. Qb5 {[%clk 0:23:50]} Rd8
{[%clk 0:33:00]} 43. Rd1 {[%clk 0:18:24]} Qc8 {[%clk 0:26:23]} 44. Rxd8+
{[%clk 0:18:08]} Qxd8 {[%clk 0:26:52]} 45. Qa4 {[%clk 0:16:20]} Qc8
{[%clk 0:21:15]} 46. Bb5 {[%clk 0:14:44]} Rc5 {[%clk 0:15:42]} 47. Bd7
{[%clk 0:13:50]} Qb7 {[%clk 0:15:03]} 48. Nd4 {[%clk 0:11:01]} Rxe5
{[%clk 0:10:18]} 49. Bc6 {[%clk 0:08:26]} Qe7 {[%clk 0:08:54]} 50. Nf3
{[%clk 0:08:14]} Re2 {[%clk 0:07:33]} 51. Qb5 {[%clk 0:08:31]} Re6
{[%clk 0:06:00]} 52. Bd5 {[%clk 0:07:27]} Rd6 {[%clk 0:05:36]} 53. Rc1
{[%clk 0:07:21]} Be4 {[%clk 0:04:24]} 54. Rc8+ {[%clk 0:06:22]} Kh7
{[%clk 0:04:53]} 55. Ba8 {[%clk 0:03:05]} Bxa8 {[%clk 0:04:00]} 56. Rxa8
{[%clk 0:03:27]} Qe4 {[%clk 0:03:22]} 57. Qe8 {[%clk 0:01:34]} Qxf3
{[%clk 0:03:25]} 58. Rb8 0-1

[Event "WYCC Girls U18"]
[Site "Porto Carras"]
[Date "2015.10.29"]
[Round "5.3"]
[White "Gueci, Tea"]
[Black "Velikic, Adela"]
[Result "0-1"]
[BlackElo "2363"]
[WhiteElo "2110"]
[LiveChessVersion "1.4.6"]

1. e4 {[%clk 1:30:57]} c6 {[%clk 1:30:54]} 2. d4 {[%clk 1:31:24]} d5
{[%clk 1:31:19]} 3. e5 {[%clk 1:31:51]} Bf5 {[%clk 1:31:42]} 4. Be3
{[%clk 1:32:04]} e6 {[%clk 1:31:44]} 5. c3 {[%clk 1:32:31]} Nd7 {[%clk 1:30:15]}
6. Qb3 {[%clk 1:32:35]} Qc7 {[%clk 1:24:14]} 7. Nd2 {[%clk 1:29:21]} Ne7
{[%clk 1:23:04]} 8. f4 {[%clk 1:23:05]} c5 {[%clk 1:12:22]} 9. dxc5
{[%clk 1:16:50]} Nc6 {[%clk 1:10:36]} 10. Qa3 {[%clk 1:12:17]} g5
{[%clk 0:51:56]} 11. b4 {[%clk 1:04:07]} gxf4 {[%clk 0:47:52]} 12. Bxf4
{[%clk 1:03:53]} Bg7 {[%clk 0:44:39]} 13. Ngf3 {[%clk 0:57:53]} Ncxe5
{[%clk 0:43:37]} 14. Bg3 {[%clk 0:55:22]} O-O {[%clk 0:40:19]} 15. Rc1
{[%clk 0:43:47]} b6 {[%clk 0:29:47]} 16. cxb6 {[%clk 0:41:20]} axb6
{[%clk 0:30:01]} 17. Qb3 {[%clk 0:39:35]} Qa7 {[%clk 0:24:55]} 18. Bb5
{[%clk 0:32:07]} Nd3+ {[%clk 0:14:27]} 19. Bxd3 {[%clk 0:32:21]} Bxd3
{[%clk 0:14:52]} 20. c4 {[%clk 0:27:15]} dxc4 {[%clk 0:11:58]} 21. Nxc4
{[%clk 0:26:59]} Bxc4 {[%clk 0:09:36]} 22. Rxc4 {[%clk 0:21:50]} Qxa2
{[%clk 0:03:40]} 23. Qxa2 {[%clk 0:19:39]} Rxa2 {[%clk 0:04:09]} 24. O-O
{[%clk 0:19:02]} Nf6 {[%clk 0:02:16]} 25. Ne5 {[%clk 0:06:51]} Nd5
{[%clk 0:02:14]} 26. Rf3 {[%clk 0:03:53]} f5 {[%clk 0:01:34]} 27. Nd3
{[%clk 0:02:32]} Ra1+ {[%clk 0:01:14]} 28. Kf2 {[%clk 0:02:19]} b5
{[%clk 0:01:07]} 29. Rc6 {[%clk 0:00:35]} Bd4+ {[%clk 0:01:15]} 30. Ke2
{[%clk 0:01:02]} Rfa8 {[%clk 0:00:59]} 31. Nc1 {[%clk 0:00:33]} Nxb4
{[%clk 0:00:50]} 32. Rc7 {[%clk 0:00:34]} Nd5 {[%clk 0:01:00]} 33. Rc6
{[%clk 0:00:40]} b4 {[%clk 0:00:57]} 34. Bd6 {[%clk 0:00:32]} Nc3+
{[%clk 0:00:52]} 35. Kd2 {[%clk 0:00:34]} Ne4+ {[%clk 0:01:00]} 36. Kd3
{[%clk 0:00:51]} Bc3 {[%clk 0:01:11]} 37. Ne2 {[%clk 0:00:45]} Rd1+
{[%clk 0:01:27]} 0-1

[Event "WYCC Girls U18"]
[Site "Porto Carras"]
[Date "2015.10.29"]
[Round "5.4"]
[White "Derakhshani, Dorsa"]
[Black "Assaubayeva, Bibisara"]
[Result "1-0"]
[BlackElo "2183"]
[WhiteElo "2356"]
[LiveChessVersion "1.4.6"]

1. e4 {[%clk 1:30:58]} c5 {[%clk 1:30:49]} 2. Nf3 {[%clk 1:31:25]} d6
{[%clk 1:31:04]} 3. Bb5+ {[%clk 1:31:51]} Bd7 {[%clk 1:29:32]} 4. Bxd7+
{[%clk 1:31:17]} Qxd7 {[%clk 1:30:00]} 5. c4 {[%clk 1:31:40]} Nf6
{[%clk 1:30:03]} 6. Nc3 {[%clk 1:31:43]} g6 {[%clk 1:28:41]} 7. d4
{[%clk 1:32:08]} cxd4 {[%clk 1:28:22]} 8. Nxd4 {[%clk 1:32:33]} Bg7
{[%clk 1:28:36]} 9. f3 {[%clk 1:32:44]} O-O {[%clk 1:28:12]} 10. Be3
{[%clk 1:33:06]} Rc8 {[%clk 1:20:31]} 11. b3 {[%clk 1:31:16]} e6 {[%clk 1:15:08]}
12. Rc1 {[%clk 1:22:41]} Nc6 {[%clk 1:04:58]} 13. O-O {[%clk 1:21:38]} Qe7
{[%clk 0:57:58]} 14. Qd2 {[%clk 1:19:32]} Rd8 {[%clk 0:53:45]} 15. Rfe1
{[%clk 1:12:30]} a6 {[%clk 0:48:55]} 16. Nde2 {[%clk 1:04:35]} Qf8
{[%clk 0:43:04]} 17. Rcd1 {[%clk 0:49:38]} b5 {[%clk 0:39:37]} 18. cxb5
{[%clk 0:46:13]} axb5 {[%clk 0:40:03]} 19. Nxb5 {[%clk 0:41:08]} d5
{[%clk 0:39:54]} 20. Qc1 {[%clk 0:40:14]} Ne7 {[%clk 0:36:19]} 21. Qb1
{[%clk 0:38:24]} dxe4 {[%clk 0:33:08]} 22. fxe4 {[%clk 0:38:52]} Ng4
{[%clk 0:30:04]} 23. Bd4 {[%clk 0:34:27]} Bxd4+ {[%clk 0:28:14]} 24. Nexd4
{[%clk 0:34:40]} e5 {[%clk 0:24:10]} 25. h3 {[%clk 0:29:38]} exd4
{[%clk 0:21:47]} 26. hxg4 {[%clk 0:30:05]} Nc6 {[%clk 0:21:15]} 27. Nc7
{[%clk 0:22:32]} Rac8 {[%clk 0:20:20]} 28. Nd5 {[%clk 0:22:55]} Qd6
{[%clk 0:18:03]} 29. Qd3 {[%clk 0:22:09]} f5 {[%clk 0:11:42]} 30. gxf5
{[%clk 0:19:55]} gxf5 {[%clk 0:11:36]} 31. Nb6 {[%clk 0:19:42]} Rc7
{[%clk 0:08:41]} 32. Nc4 {[%clk 0:19:32]} Qc5 {[%clk 0:04:46]} 33. exf5
{[%clk 0:18:35]} Rf8 {[%clk 0:03:45]} 34. Rf1 {[%clk 0:17:43]} Rcf7
{[%clk 0:03:17]} 35. Qg3+ {[%clk 0:16:48]} Kh8 {[%clk 0:03:46]} 36. Qd6
{[%clk 0:16:27]} Qxd6 {[%clk 0:02:45]} 37. Nxd6 {[%clk 0:16:55]} Rf6
{[%clk 0:03:15]} 38. Nb5 {[%clk 0:13:29]} Rxf5 {[%clk 0:03:24]} 39. Rxf5
{[%clk 0:11:47]} Rxf5 {[%clk 0:03:53]} 40. a4 {[%clk 0:41:58]} Rd5
{[%clk 0:31:30]} 41. Kf2 {[%clk 0:37:24]} Rf5+ {[%clk 0:24:35]} 42. Ke2
{[%clk 0:33:45]} Re5+ {[%clk 0:20:12]} 43. Kf2 {[%clk 0:33:44]} Rf5+
{[%clk 0:20:34]} 44. Kg3 {[%clk 0:32:42]} Rd5 {[%clk 0:15:44]} 45. Kf4
{[%clk 0:31:19]} Kg8 {[%clk 0:14:11]} 46. Rc1 {[%clk 0:26:17]} Ne7
{[%clk 0:07:46]} 47. Ke4 {[%clk 0:26:06]} d3 {[%clk 0:07:57]} 48. Rd1
{[%clk 0:26:20]} d2 {[%clk 0:07:56]} 49. Nd4 {[%clk 0:26:28]} Rd8
{[%clk 0:07:26]} 50. Rxd2 {[%clk 0:26:46]} Nc6 {[%clk 0:07:52]} 51. Ke3
{[%clk 0:25:43]} Re8+ {[%clk 0:07:28]} 52. Kd3 {[%clk 0:25:58]} Rd8
{[%clk 0:06:32]} 53. Kc3 {[%clk 0:26:23]} Ne5 {[%clk 0:05:33]} 54. a5
{[%clk 0:25:57]} Rc8+ {[%clk 0:05:50]} 55. Kb4 {[%clk 0:26:13]} Rb8+
{[%clk 0:05:59]} 56. Ka4 {[%clk 0:26:19]} Nd7 {[%clk 0:06:15]} 57. b4
{[%clk 0:26:26]} 1-0

[Event "WYCC Girls U18"]
[Site "Porto Carras"]
[Date "2015.10.29"]
[Round "5.5"]
[White "Ivanova, Simoneta"]
[Black "Styazhkina, Anna"]
[Result "1-0"]
[BlackElo "2318"]
[WhiteElo "2121"]
[LiveChessVersion "1.4.6"]

1. Nf3 {[%clk 1:30:57]} d5 {[%clk 1:30:47]} 2. g3 {[%clk 1:31:15]} c6
{[%clk 1:30:20]} 3. Bg2 {[%clk 1:31:38]} Bg4 {[%clk 1:30:25]} 4. O-O
{[%clk 1:31:29]} Nd7 {[%clk 1:30:41]} 5. d3 {[%clk 1:31:09]} e6 {[%clk 1:30:40]}
6. c4 {[%clk 1:31:26]} Bd6 {[%clk 1:29:31]} 7. cxd5 {[%clk 1:31:17]} cxd5
{[%clk 1:28:26]} 8. Nc3 {[%clk 1:31:38]} Ngf6 9. e4 {[%clk 1:29:09]} O-O
{[%clk 1:12:10]} 10. exd5 {[%clk 1:24:29]} exd5 {[%clk 1:11:16]} 11. h3
{[%clk 1:19:31]} Bxf3 {[%clk 1:07:12]} 12. Bxf3 {[%clk 1:19:52]} Qa5
{[%clk 1:05:39]} 13. Kg2 {[%clk 1:00:29]} h6 {[%clk 1:02:03]} 14. Bd2
{[%clk 0:58:18]} Bb4 {[%clk 0:56:34]} 15. a3 {[%clk 0:52:37]} Bxc3
{[%clk 0:56:48]} 16. Bxc3 {[%clk 0:52:15]} Qb6 {[%clk 0:55:30]} 17. Qa4
{[%clk 0:49:18]} Rfe8 {[%clk 0:48:20]} 18. Rfe1 {[%clk 0:46:12]} Re6
{[%clk 0:37:25]} 19. Rxe6 {[%clk 0:33:07]} fxe6 {[%clk 0:36:16]} 20. Re1
{[%clk 0:33:05]} Rf8 {[%clk 0:31:41]} 21. Qb4 {[%clk 0:23:15]} Qc6
{[%clk 0:27:55]} 22. Bd4 {[%clk 0:21:38]} b6 {[%clk 0:26:35]} 23. Re2
{[%clk 0:18:54]} Re8 {[%clk 0:24:57]} 24. Qc3 {[%clk 0:12:08]} Qd6
{[%clk 0:20:01]} 25. Bxf6 {[%clk 0:10:34]} Nxf6 {[%clk 0:20:07]} 26. d4
{[%clk 0:09:40]} Kh8 {[%clk 0:17:10]} 27. Re1 {[%clk 0:08:48]} Qd7
{[%clk 0:17:02]} 28. Rc1 {[%clk 0:09:06]} Qb5 {[%clk 0:16:52]} 29. Rc2
{[%clk 0:08:31]} Rf8 {[%clk 0:13:55]} 30. Be2 {[%clk 0:05:37]} Qe8
{[%clk 0:12:44]} 31. Bd3 {[%clk 0:04:35]} Qh5 {[%clk 0:11:59]} 32. Qe1
{[%clk 0:03:54]} Qf7 {[%clk 0:09:33]} 33. Qe3 {[%clk 0:03:43]} Re8
{[%clk 0:07:21]} 34. Qf4 {[%clk 0:03:38]} Qh5 {[%clk 0:06:31]} 35. g4
{[%clk 0:02:24]} Qf7 {[%clk 0:05:27]} 36. Rc7 {[%clk 0:02:34]} Qf8
{[%clk 0:04:24]} 37. Rxa7 {[%clk 0:02:46]} Rc8 {[%clk 0:03:36]} 38. Rc7
{[%clk 0:01:06]} Rb8 {[%clk 0:02:44]} 39. Qe5 {[%clk 0:01:01]} Re8
{[%clk 0:02:08]} 40. Bg6 {[%clk 0:30:48]} Rc8 {[%clk 0:31:04]} 41. Rf7
{[%clk 0:28:55]} Qd8 {[%clk 0:30:35]} 42. Qxe6 {[%clk 0:28:46]} b5
{[%clk 0:29:55]} 43. Rb7 {[%clk 0:25:47]} Qf8 {[%clk 0:27:32]} 44. Rxb5
{[%clk 0:24:30]} Rc7 {[%clk 0:27:44]} 45. Qe5 {[%clk 0:24:00]} Qd8
{[%clk 0:27:26]} 46. a4 {[%clk 0:22:58]} Rc8 {[%clk 0:26:29]} 47. Rb7
{[%clk 0:19:29]} 1-0

[Event "WYCC Girls U18"]
[Site "Porto Carras"]
[Date "2015.10.29"]
[Round "5.6"]
[White "Blagojevic, Tijana"]
[Black "Barchuk, Irina"]
[Result "1-0"]
[BlackElo "2180"]
[WhiteElo "2315"]
[LiveChessVersion "1.4.6"]

1. e4 {[%clk 1:30:56]} c5 {[%clk 1:30:57]} 2. Nf3 {[%clk 1:31:15]} g6
{[%clk 1:31:13]} 3. d4 {[%clk 1:31:33]} cxd4 {[%clk 1:31:37]} 4. Nxd4
{[%clk 1:32:00]} Bg7 {[%clk 1:31:51]} 5. Nb3 {[%clk 1:31:43]} Nc6
{[%clk 1:32:12]} 6. Be2 {[%clk 1:31:45]} Nf6 {[%clk 1:31:50]} 7. Nc3
{[%clk 1:32:00]} O-O {[%clk 1:32:07]} 8. O-O {[%clk 1:32:03]} d6 {[%clk 1:31:53]}
9. Bg5 {[%clk 1:32:16]} Be6 {[%clk 1:31:26]} 10. Kh1 {[%clk 1:32:27]} Rc8
{[%clk 1:28:36]} 11. f4 {[%clk 1:32:23]} Na5 {[%clk 1:25:56]} 12. f5
{[%clk 1:32:05]} Bc4 {[%clk 1:26:13]} 13. Bd3 {[%clk 1:32:25]} Re8
{[%clk 1:15:57]} 14. Nd2 {[%clk 1:28:07]} a6 {[%clk 1:03:25]} 15. Qe2
{[%clk 1:21:39]} Bxd3 {[%clk 0:58:07]} 16. cxd3 {[%clk 1:21:49]} Nc6
{[%clk 0:58:12]} 17. Nf3 {[%clk 1:21:41]} Nd7 {[%clk 0:58:08]} 18. Qf2
{[%clk 1:14:35]} Qa5 {[%clk 0:54:11]} 19. fxg6 {[%clk 1:04:53]} fxg6
{[%clk 0:52:49]} 20. Nd5 {[%clk 0:50:58]} e6 {[%clk 0:48:34]} 21. Bd2
{[%clk 0:45:54]} Qd8 {[%clk 0:39:31]} 22. Bg5 {[%clk 0:46:05]} Qa5
{[%clk 0:39:20]} 23. Bd2 {[%clk 0:46:29]} Qd8 {[%clk 0:38:04]} 24. Nf4
{[%clk 0:43:56]} Nc5 {[%clk 0:35:08]} 25. Be3 {[%clk 0:41:01]} e5
{[%clk 0:24:49]} 26. Nd5 {[%clk 0:32:36]} Nxd3 {[%clk 0:24:31]} 27. Qd2
{[%clk 0:32:24]} Nc5 {[%clk 0:24:21]} 28. Ng5 {[%clk 0:31:47]} h6
{[%clk 0:13:58]} 29. Nf6+ {[%clk 0:25:46]} Bxf6 {[%clk 0:14:22]} 30. Qd5+
{[%clk 0:26:08]} Ne6 {[%clk 0:14:31]} 31. Nxe6 {[%clk 0:26:31]} Qe7
{[%clk 0:13:23]} 32. Nc7+ {[%clk 0:23:32]} Kh7 {[%clk 0:12:28]} 33. Nxe8
{[%clk 0:23:41]} Rxe8 {[%clk 0:12:53]} 34. Rad1 {[%clk 0:23:25]} Nd4
{[%clk 0:13:01]} 35. Rf2 {[%clk 0:22:29]} Kg7 {[%clk 0:10:41]} 36. Rdf1
{[%clk 0:21:22]} Rf8 {[%clk 0:11:04]} 37. Qc4 {[%clk 0:20:20]} b5
{[%clk 0:10:48]} 38. Qc1 {[%clk 0:19:25]} g5 {[%clk 0:10:49]} 39. Qe1
{[%clk 0:16:16]} Qb7 {[%clk 0:10:22]} 40. Qb4 {[%clk 0:42:38]} Qc6
{[%clk 0:37:22]} 41. Bxd4 {[%clk 0:40:30]} a5 {[%clk 0:34:50]} 42. Qc3
{[%clk 0:39:51]} Qxe4 {[%clk 0:34:42]} 43. Bb6 {[%clk 0:39:51]} Qc4
{[%clk 0:33:51]} 44. Bxa5 {[%clk 0:38:35]} d5 {[%clk 0:34:02]} 45. Bb4
{[%clk 0:32:49]} Rf7 {[%clk 0:34:16]} 46. Bd6 {[%clk 0:30:37]} 1-0

[Event "WYCC Girls U18"]
[Site "Porto Carras"]
[Date "2015.10.29"]
[Round "5.7"]
[White "Muratova, Anel"]
[Black "Khomeriki, Nino"]
[Result "0-1"]
[BlackElo "2295"]
[WhiteElo "1912"]
[LiveChessVersion "1.4.6"]

1. e4 {[%clk 1:30:56]} e5 {[%clk 1:30:44]} 2. Nf3 {[%clk 1:31:18]} Nc6
{[%clk 1:31:08]} 3. Nc3 {[%clk 1:31:41]} Nf6 {[%clk 1:31:31]} 4. Be2
{[%clk 1:31:54]} d5 {[%clk 1:30:47]} 5. exd5 {[%clk 1:32:04]} Nxd5
{[%clk 1:31:10]} 6. O-O {[%clk 1:32:17]} Nxc3 {[%clk 1:27:20]} 7. bxc3
{[%clk 1:32:40]} e4 {[%clk 1:20:27]} 8. Ne1 {[%clk 1:32:51]} Bd6 {[%clk 1:20:07]}
9. f3 {[%clk 1:29:16]} f5 {[%clk 1:03:53]} 10. fxe4 {[%clk 1:05:17]} fxe4
{[%clk 1:04:16]} 11. Bb5 {[%clk 0:36:44]} Qh4 {[%clk 0:55:25]} 12. g3
{[%clk 0:36:58]} Bg4 {[%clk 0:55:01]} 13. Be2 {[%clk 0:34:57]} Bxe2
{[%clk 0:20:06]} 14. Qxe2 {[%clk 0:35:18]} Qe7 {[%clk 0:20:27]} 15. Rb1
{[%clk 0:35:25]} h5 {[%clk 0:12:53]} 16. Ng2 {[%clk 0:31:18]} O-O-O
{[%clk 0:09:03]} 17. Nh4 {[%clk 0:20:34]} Bc5+ {[%clk 0:06:32]} 18. Kg2
{[%clk 0:20:20]} Qe6 {[%clk 0:04:40]} 19. d4 {[%clk 0:20:19]} Be7
{[%clk 0:03:11]} 20. Rf4 {[%clk 0:14:37]} Qxa2 {[%clk 0:03:16]} 21. Qb5
{[%clk 0:09:30]} Bxh4 {[%clk 0:02:44]} 22. gxh4 {[%clk 0:09:10]} Rhf8
{[%clk 0:01:20]} 23. Rb2 {[%clk 0:08:09]} Qa6 {[%clk 0:00:39]} 24. Qxh5
{[%clk 0:03:12]} Ne7 {[%clk 0:01:06]} 25. Rb5 {[%clk 0:02:18]} Kb8
{[%clk 0:00:34]} 26. Be3 {[%clk 0:01:29]} g6 {[%clk 0:00:40]} 27. Qg5
{[%clk 0:01:45]} Nf5 {[%clk 0:00:51]} 28. Rbxf5 {[%clk 0:01:22]} gxf5
{[%clk 0:01:19]} 29. Qh5 {[%clk 0:01:28]} Rg8+ {[%clk 0:01:16]} 30. Kf2
{[%clk 0:01:40]} Qa1 {[%clk 0:01:25]} 31. Ke2 {[%clk 0:01:23]} Qxc3
{[%clk 0:00:47]} 32. Qxf5 {[%clk 0:01:18]} Qxc2+ {[%clk 0:01:10]} 33. Bd2
{[%clk 0:01:45]} Qd3+ {[%clk 0:00:57]} 34. Ke1 {[%clk 0:01:38]} Rg1+
{[%clk 0:01:14]} 35. Rf1 {[%clk 0:02:05]} Rxf1+ {[%clk 0:01:27]} 36. Qxf1
{[%clk 0:02:33]} Qxd4 {[%clk 0:01:37]} 0-1